Harry Potter: The First 10 Characters Quiz Stats

Quiz Updated Mar 21, 2017

Challenge
Share
Tweet
Embed
Score 0/70 Timer 06:00
21 Plays Today
Character % Correct
Harry Potter
99.6%
Harry Potter
99.6%
Harry Potter
99.6%
Harry Potter
99.6%
Harry Potter
99.6%
Harry Potter
99.6%
Harry Potter
99.6%
Ron Weasley
97%
Ron Weasley
97%
Albus Dumbledore
96.3%
Albus Dumbledore
96.3%
Hermione Granger
93.5%
Dudley Dursley
93.1%
Dudley Dursley
93%
Dudley Dursley
93%
Dudley Dursley
93%
Vernon Dursley
92%
Vernon Dursley
92%
Vernon Dursley
92%
Vernon Dursley
92%
Petunia Dursley
91.8%
Petunia Dursley
91.8%
Petunia Dursley
91.8%
Petunia Dursley
91.8%
Rubeus Hagrid
89.3%
Lord Voldemort
84.7%
Lord Voldemort
84.7%
Lord Voldemort
84.7%
Lord Voldemort
84.7%
Lord Voldemort
84.7%
Lord Voldemort
84.1%
Sirius Black
81.9%
Professor Snape
81.6%
Professor Snape
81.6%
Professor Snape
81.6%
Character % Correct
Lily Potter
74.6%
James Potter
74.5%
Lucius Malfoy
61.1%
Dobby the House-Elf
57.3%
Wormtail
55%
Wormtail
55%
Tom Riddle Jr.
51.8%
Hedwig
48.1%
Hedwig
48.1%
Cornelius Fudge
43.9%
Frank Bryce
36.5%
Mr. Riddle
36.2%
Mrs. Riddle
35%
Nagini
34.7%
Arabella Figg
33.2%
Rufus Scrimgeour
25.4%
Rufus Scrimgeour
25.4%
Kingsley Shacklebolt
19.5%
Yaxley
17.7%
Mr. Mason
10.3%
Mrs. Mason
10.3%
Bertha Jorkins
9.9%
Pius Thicknesse
9.4%
Bathilda Bagshot
8.1%
Amelia Bones
8%
Antonin Dolohov
7.1%
Ted
6.9%
Dot
5.9%
Jim McGuffin
5.6%
Emmeline Vance
4.3%
Herbert Chorley
3.5%
Wendelin the Weird
3.4%
John Dawlish
3.3%
Bungy the Budgie
2.8%
Mary Dorkins
2.3%

You're not logged in!

Compare scores with friends on all Sporcle quizzes.
Join for Free
OR
Log In

You Might Also Like...

Show Comments

Extras

Top Quizzes Today


Score Distribution

Your Account Isn't Verified!

In order to create a playlist on Sporcle, you need to verify the email address you used during registration. Go to your Sporcle Settings to finish the process.

Report this User

Report this user for behavior that violates our Community Guidelines.

Details: